[Event "Regionalliga NO 0910"]
[Site "Bayern"]
[Date "2009.10.18"]
[Round "1.3"]
[White "Burggraf, Michael"]
[Black "Zant, Juergen"]
[Result "1/2-1/2"]
[WhiteElo "2063"]
[BlackElo "2009"]
[PlyCount "120"]
[EventDate "2009.10.18"]
[EventType "team-tourn"]
[EventRounds "9"]
[EventCountry "GER"]
[SourceTitle "EXT 2011"]
[Source "ChessBase"]
[SourceDate "2010.11.26"]
[SourceVersion "1"]
[SourceVersionDate "2010.11.26"]
[SourceQuality "1"]
[WhiteTeam "Forchheim II"]
[BlackTeam "Windischeschenbach"]
[WhiteTeamCountry "GER"]
[BlackTeamCountry "GER"]

1. e4 e6 2. Nc3 a6 3. g3 b5 4. Bg2 Bb7 5. d3 Be7 6. f4 Nf6 7. Nf3 d5 8. e5 Nfd7 9. d4 c5 10. Be3 Nc6 11. Ne2 cxd4 12. Nexd4 0-0 13. h4 Na5 14. b3 Nc5 15. Ng5 Ne4 16. Bxe4 dxe4 17. Qh5 Bb4+ 18. Ke2 h6 19. f5 Nc6 20. Nxc6 Bxc6 21. f6 Qc7 22. fxg7 Kxg7 23. Qxh6+ Kxh6 24. Nxe6+ Kh7 25. Nxc7 Rac8 26. Nxa6 Bc3 27. Rad1 Ra8 28. Bc5 Rfc8 29. Nb4 Be8 30. Bd6 f5 31. Ke3 Bxb4 32. Bxb4 Rxa2 33. c3 Rg2 34. Rhg1 Rb2 35. Rb1 Rxb1 36. Rxb1 Rd8 37. Bd6 Rc8 38. Bb4 Bf7 39. Kf4 Be6 40. Ra1 Rg8 41. Rg1 Rg4+ 42. Ke3 Kg6 43. Kf2 Kf7 44. Ra1 f4 45. gxf4 Rxf4+ 46. Ke3 Rxh4 47. Ra7+ Kg6 48. Rb7 Bxb3 49. Rxb5 Kf5 50. Rb6 Rh3+ 51. Kf2 e3+ 52. Kg2 Bc4 53. Bc5 e2 54. Bf2 Rxc3 55. Be1 Re3 56. e6 Re4 57. Kf2 Bxe6 58. Rc6 Kg4 59. Rc3 Bc4 60. Rg3+ Kf5 1/2-1/2

[Event "Regionalliga NO 0809"]
[Site "Bayern"]
[Date "2009.03.15"]
[Round "8.4"]
[White "Wallinger, Manfred"]
[Black "Zant, Juergen"]
[Result "1/2-1/2"]
[WhiteElo "2142"]
[BlackElo "1978"]
[PlyCount "116"]
[EventDate "2008.10.05"]
[EventType "team-tourn"]
[EventRounds "9"]
[EventCountry "GER"]
[SourceTitle "EXT 2020"]
[Source "ChessBase"]
[SourceDate "2019.10.17"]
[SourceVersion "1"]
[SourceVersionDate "2019.10.17"]
[SourceQuality "1"]
[WhiteTeam "Altensittenbach"]
[BlackTeam "Windischeschenbach"]
[WhiteTeamCountry "GER"]
[BlackTeamCountry "GER"]

1. d4 Nf6 2. c4 e6 3. Nc3 d5 4. cxd5 exd5 5. Bg5 Be7 6. Qc2 c6 7. e3 Bg4 8. Bd3 Nbd7 9. h3 Be6 10. Nf3 g6 11. Bh6 Bf8 12. Bf4 Nh5 13. 0-0 Nxf4 14. exf4 Qf6 15. Ne2 Bd6 16. Ne5 Qh4 17. Rfe1 Nxe5 18. fxe5 Bb4 19. Rf1 Ba5 20. b4 Bxb4 21. Rfb1 Qe7 22. Qa4 a5 23. Qb3 0-0 24. a3 c5 25. Bb5 Bd2 26. f4 cxd4 27. Bd3 Qh4 28. Rf1 f5 29. Qxb7 Rab8 30. Qc6 Qe7 31. Kh2 Rfc8 32. Qa4 Qa7 33. Qxd4 Be3 34. Qxa7 Bxa7 35. Rab1 Bc5 36. a4 Rb4 37. Bb5 Kf7 38. Kg3 Re4 39. Rfc1 Re3+ 40. Kh2 g5 41. Ba6 Rc7 42. Nd4 gxf4 43. Nb5 Rc6 44. Bb7 Rb6 45. Rxc5 Rxe5 46. Rc7+ Kg6 47. Rbc1 Re4 48. Bc6 Kg5 49. Rxh7 f3 50. gxf3 Re2+ 51. Kg1 Rd2 52. Re7 Bc8 53. Kf1 Rh2 54. Ree1 Kf4 55. Bxd5 Bb7 56. Nc3 Bxd5 57. Nxd5+ Kg3 58. Nxb6 Rf2+ 1/2-1/2

[Event "Regionalliga NO 0809"]
[Site "Bayern"]
[Date "2009.01.18"]
[Round "5.4"]
[White "Fischer, Erich"]
[Black "Zant, Juergen"]
[Result "1/2-1/2"]
[WhiteElo "1933"]
[BlackElo "1978"]
[PlyCount "21"]
[EventDate "2008.10.05"]
[EventType "team-tourn"]
[EventRounds "9"]
[EventCountry "GER"]
[SourceTitle "EXT 2020"]
[Source "ChessBase"]
[SourceDate "2019.10.17"]
[SourceVersion "1"]
[SourceVersionDate "2019.10.17"]
[SourceQuality "1"]
[WhiteTeam "Postbauer"]
[BlackTeam "Windischeschenbach"]
[WhiteTeamCountry "GER"]
[BlackTeamCountry "GER"]

1. d4 d5 2. Nf3 Nf6 3. Bg5 Ne4 4. Bf4 e6 5. c3 Bd6 6. e3 0-0 7. Nbd2 f5 8. Bd3 Nc6 9. 0-0 Kh8 10. Rc1 Be7 11. Ne5 1/2-1/2